Provincia di nascita di questi personaggi - Statistics

Statistiche generali
  • Questo quiz è stato fatto 80 volte
  • Il punteggio medio è 42 su 108
Statistiche sulle risposte
Personaggio 1 Personaggio 2 Personaggio 3 Provincia % Corretto
Alessandro Manzoni Silvio Berlusconi Caravaggio Milano
86%
Dante Alighieri Leonardo da Vinci Niccolò Machiavelli Firenze
80%
Al Bano Flavia Pennetta Brindisi
77%
Cristoforo Colombo Fabrizio De André Giuseppe Mazzini Genova
75%
Aldo Moro Antonio Conte Alessandra Amoroso Lecce
75%
Domenico Modugno Checco Zalone Antonio Cassano Bari
73%
Carlo Azeglio Ciampi Amedeo Modigliani Massimiliano Allegri Livorno
70%
Giulio Andreotti Francesco Totti Sophia Loren Roma
70%
Giovanni Falcone Sergio Mattarella Totò Riina Palermo
68%
Brunori Sas Domenico Berardi Gennaro Gattuso Cosenza
66%
Jannik Sinner Reinhold Messner Tania Cagnotto Bolzano
64%
Benito Mussolini Giovanni Pascoli Marco Pantani Forlì-Cesena
64%
Totò Massimo Troisi Pino Daniele Napoli
64%
Geppi Cucciari Nicolò Barella Martina Smeraldi Cagliari
59%
Giovanni Verga Pippo Baudo Franco Battiato Catania
59%
Gabriele D’Annunzio Marco Verratti Massimo Oddo Pescara
59%
Enrico Berlinguer Francesco Cossiga Elisabetta Canalis Sassari
59%
Luigi Pirandello Andrea Camilleri Leonardo Sciascia Agrigento
57%
Vasco Rossi Enzo Ferrari Luciano Pavarotti Modena
57%
Francesco Petrarca Roberto Benigni Amintore Fanfani Arezzo
55%
Pier Paolo Pasolini Lucio Dalla Guglielmo Marconi Bologna
55%
Raffaello Sanzio Arnaldo Forlani Valentino Rossi Pesaro e Urbino
55%
Achille Lauro Gigliola Cinquetti Giovanni Rana Verona
55%
Giacomo Leopardi Gianmarco Tamberi Laura Boldrini Macerata
52%
Monica Bellucci San Francesco Ivan Zaytsev Perugia
52%
Donatella Rettore Alessandro Del Piero Antonio Canova Treviso
52%
Federica Pellegrini Marco Polo Francesco Hayez Venezia
52%
Grazia Deledda Salvatore Sirigu Gianfranco Zola Nuoro
50%
Galileo Galilei Guccio Gucci Giovanni Gronchi Pisa
50%
Rocco Papaleo Angelina Mango Luciana Lamorgese Potenza
50%
Archimede Danika Mori Colapesce Siracusa
50%
Rita Levi-Montalcini Vittorio Emanuele II di Savoia Camillo Benso, conte di Cavour Torino
50%
Matteo Messina Denaro Giovanni Gentile Piersanti Mattarella Trapani
50%
Ferruccio Lamborghini Vittorio Sgarbi Milva Ferrara
48%
Federico Fellini Marco Simoncelli Daniele Luttazzi Rimini
48%
Sandro Pertini Fabio Fazio Annalisa Savona
48%
Alberto Matano Elisabetta Gregoraci Angelo Greco Catanzaro
45%
Gianni Versace Nicola Gratteri Loredana Bertè Reggio Calabria
45%
Italo Svevo Elisa Giovanna Botteri Trieste
45%
Riccardo Scamarcio Pietro Mennea Lino Banfi Barletta-Andria-Trani
43%
Michele Sindona Vincenzo Nibali Nino Frassica Messina
43%
Gianna Nannini Luciano Moggi Cecco Angiolieri Siena
43%
Maria Montessori Roberto Mancini Fabri Fibra Ancona
41%
Papa Giovanni XXIII Riccardo Zanotti (Pinguini Tattici Nucleari) Vittorio Feltri Bergamo
41%
Marco D'Amore Stash (The Kolors) Caterina Balivo Caserta
41%
Alessandro Volta Gianluca Zambrotta Max Angioni Como
41%
Anna Giancarlo Giannini Andrea Orlando La Spezia
41%
Gianluigi Buffon Toto Cutugno Irama Massa-Carrara
41%
Antonio Gramsci Michela Murgia Oristano
41%
Valentino Max Pezzali Gerry Scotti Pavia
41%
Luigi Di Maio Ettore Scola Francesca Albanese Avellino
39%
Francesco II Gonzaga Matilde di Canossa Arnoldo Mondadori Mantova
39%
Laura Pausini VillaBanks Amadeus Ravenna
39%
Mariano Rumor Roberto Baggio Carlo Cracco Vicenza
39%
San Gennaro Padre Pio Clemente Mastella Benevento
36%
Renzo Arbore Giovanni Muciaccia Giuseppe Conte Foggia
36%
Gino Paoli Carlo Rubbia Dino Zoff Gorizia
36%
Romano Prodi Ludovico Ariosto Luciano Ligabue Reggio Emilia
36%
Alcide De Gasperi Valerio Fioravanti Mara Cagol Trento
36%
Papa Paolo VI Andrea Pirlo Blanco Brescia
34%
Rino Gaetano Crotone
34%
Salmo Valerio Scanu Hell Raton Gallura Nord-Est Sardegna
34%
Giacomo Puccini Giosuè Carducci Jasmine Paolini Lucca
34%
Francesco Renga Alex Meret Lodovica Comello Udine
34%
Marco Mengoni Leonardo Bonucci Tina Cipollari Viterbo
34%
Giovanni Allevi Fernando Tambroni Riccardo Orsolini Ascoli Piceno
32%
Dino Buzzati Papa Giovanni Paolo I Tiziano Vecellio Belluno
32%
Antonio Di Pietro Night Skinny Campobasso
32%
Fabio Aru Medio Campidano
32%
Andrea Mantegna Maurizio Cattelan Paola Egonu Padova
32%
Mina Umberto Bossi Dario Fo Varese
32%
Ugo Tognazzi Antonio Stradivari Chiara Ferragni Cremona
30%
Antonio Albanese Baby Gang Manuel Locatelli Lecco
30%
Giovannino Guareschi Bernardo Bertolucci Stefano Pioli Parma
30%
Giovanni Giolitti Cesare Pavese Flavio Briatore Cuneo
27%
Lucio Corsi Alice Sabatini Grosseto
27%
Benedetto Croce Bruno Vespa Milly Carlucci L'Aquila
27%
Paolo Conte Pietro Badoglio San Giovanni Bosco Asti
25%
Rocco Siffredi Sergio Marchionne Antonio Razzi Chieti
25%
Oscar Luigi Scalfaro Sergio Tacchini Big Fish Novara
25%
Pier Luigi Bersani Giorgio Armani Nina Zilli Piacenza
25%
Diego Della Valle Giorgio Montanini Mario Moretti Fermo
23%
Tommaso d'Aquino Marcello Mastroianni Vittorio De Sica Frosinone
23%
Mario Bava Fabio Fognini Matteo Arnaldi Imperia
23%
Tiziano Ferro Calcutta Giovanni Caboto Latina
23%
Salvatore Quasimodo Arturo Di Modica Suor Cristina Scuccia Ragusa
23%
Umberto Eco Luigi Tenco Claudio Bisio Alessandria
20%
Danilo Gallinari Sandrò Tonali Bianca Balti Lodi
20%
Simone Zaza Matera
20%
Umberto Galimberti Adriano Galliani Gherardo Colombo Monza e Brianza
20%
Giacomo Matteotti Maria Elisabetta Alberti Casellati Rovigo
20%
Valentina Nappi Capo Plaza Coez Salerno
20%
Kid Yugi MadMan Teo Teocoli Taranto
20%
Ezio Greggio Alberto Gilardino Giuseppe Pella Biella
18%
Giuseppe Pignatone Rosario Crocetta Caltanissetta
18%
Lucio Battisti Rieti
18%
Ivan Graziani Marco Pannella Teramo
18%
Sara Tommasi Samanta Togni Terni
18%
Diodato Piero Chiambretti Innocenzo Manzetti Aosta
16%
Moise Kean Vercelli
14%
Marracash Mago Forest Enna
11%
Licio Gelli Vauro Claudio Bigagli Pistoia
11%
Jury Chechi Paolo Rossi Giovanni Veronesi Prato
11%
Giulio Tremonti Sondrio
11%
Gianni Rodari Alfonso Bialetti Wilfried Gnonto Verbano-Cusio-Ossola
11%
Papa Celestino V Mino Pecorelli Isernia
9%
Ivan Provedel Bryan Cristante Luca Ciriani Pordenone
9%
Ruggero II di Sicilia Raf Vallone Vibo Valentia
2%
Nessun quiz corrispondente trovato
Distribuzione punteggi
Percentuale di utenti per punteggio
Percentile per numero di risposta
I tuoi punteggi nel tempo
Non hai fatto questo quiz